| 000 | 00326 a2200121 4500 | ||
|---|---|---|---|
| 005 | 20250610065905.0 | ||
| 020 | _a9789976404425 | ||
| 082 | _a371.26 OMA | ||
| 100 | _aOMARI,M. | ||
| 245 | _aConcepts and Techniques in Educational Assessments and Evaluation | ||
| 260 |
_aDodoma _bOxford University Press _c2011 |
||
| 942 |
_2ddc _cBKS |
||
| 999 |
_c3362 _d3362 |
||